Coen zijn algemene kennisquiz #1 - Statistieken

Algemene statistieken
  • Deze quiz is 69 keer genomen
  • De gemiddelde score is 8 van 15
Antwoordstatistieken
Vragen Antwoorden % Correct
Wat gaat met 299792458 meter per seconde en is tevens de grootst mogelijke snelheid? Licht
91%
Welk bekend sportmerk is vernoemd naar de god van de overwinning? Nike
91%
Wat komt volgens het gezegde uit de mouw? de aap
87%
Hoe noemt men een kruising tussen een tijger en een leeuw? Lijger/Teeuw
80%
Wie componeerde "Für Elise"? Ludwig Van Beethoven
76%
Waar schoot Paris de dodelijke pijl in Achilles? Hiel/Achillespees
74%
Hoe is natriumchloride (NaCl) algemeen bekend? (Keuken)zout
74%
Welke taal spreken ze in Kiribati? Engels
57%
Welke dag is internationale cannabisdag? 20 april (420)
43%
Welke drugs word vaak in mensen hun drankjes gestopt om ze te drogeren? GHB
39%
Welke partij is de enige politieke partij met zetels die pleit voor de herinvoering van de doodstraf? Staatkundig Gereformeerde Partij (SGP)
28%
Wat is de hoofdstad van Oezbekistan? Tasjkent
24%
Welk element zorgt bij verbranding voor een groene/lichtblauwe kleur? Koper
19%
Wie is de moordenaar van Theo van Gogh? Mohammed Bouyeri
19%
Welke Sovjet-luitenant negeerde bewust een (achteraf valse) melding van Amerikaanse (kern)raketten in het Sovjet luchtruim? Stanislav Petrov
7%
Geen overeenkomende quizzen gevonden
Scoreverdeling
Procent van Mensen met Elke Score
Percentiel versus Aantal Correcte Antwoorden
Uw Scoregeschiedenis
U heeft deze quiz nog niet genomen